000 00469nam a22001577a 4500
008 160721b xxu||||| |||| 00| 0 spa d
020 _a978-987-684-322-5
082 1 4 _214
_a92
100 1 _9579
_aGalasso, Norberto
245 1 0 _aDon Hipólito :
_bvida de Hipólito Yrigoyen. /
_cNorberto Galasso.
260 _aBuenos Aires :
_bColihue,
_c2013.
300 _a304 p.
600 0 _91673
_aYRIGOYEN, HIPOLITO
_d(1852-1933)
650 0 _9587
_aBIOGRAFIA
942 _2ddc
_cLIBRO
999 _c3222
_d3222
980 _81943
_gVALERIA BEATRIZ DOMÍNGUEZ